00265nam a2200097Ia 4500008004100000100001600041245006300057250001000120260003000130300000700160190216s9999||||xx |||||||||||||| ||und|| aVan Daele.A 0aContinous Crossed Products And Type 3 Von Neumann Algebras aFIRST bCambridge Uty Pressc1978 a68